00233nam a2200085Ia 4500008004100000041000800041100001400049245005300063260003100116231107s2003 xx 000 0 und d aeng aLord Tony aFLORA: The Gardener''s bible vol. I & II with CD aLondonbCassell pub.c2003